APEC Schools

Business data communication / (Record no. 7767)

000 -LEADER
fixed length control field nam a22 7a 4500
005 - DATE AND TIME OF LATEST TRANSACTION
control field 20190724023028.0
008 - FIXED-LENGTH DATA ELEMENTS--GENERAL INFORMATION
fixed length control field 190724b xxu||||| |||| 00| 0 eng d
020 ## - IDENTIFIER FOR THE MANIFESTATION
Identifier for the Manifestation 0130882631
Binding paperback
040 ## - CATALOGING SOURCE
Language of Cataloging eng
Transcribing Agency APEC Schools Library
Description Conventions rda
082 ## - DEWEY DECIMAL CLASSIFICATION NUMBER
Classification number C 004.6
Author's Number St18b 2003
100 ## - CREATOR
Preferred Name of the Person Stallings, William
245 ## - TITLE AND STATEMENT OF RESPONSIBILITY
Preferred Title Proper Business data communication /
Statement of Responsibility/Parallel Statement of Responsibility William Stallings.
264 ## - PUBLICATION STATEMENT
Place of publication, distribution, etc Jurong, Singapore :
Publisher's Name/Parallel Publisher's Name Pearson Education,
Copyright ©2003.
300 ## - PHYSICAL DESCRIPTION
Extent xxii, 659 pages :
Illustrative Content illustrations ;
336 ## - RDA CONTENT
Source rdacontent
Content Type text
337 ## - RDA MEDIA
Source rdamedia
Media Type unmediated
338 ## - RDA CARRIER
Source rdacarrier
Carrier Type volume
504 ## - BIBLIOGRAPHY, ETC. NOTE
Bibliography, etc Includes bibliographical references and index.
650 ## - ADDED SUBJECT ACCESS POINT - TOPICAL TERM
Topical Term Data transmission systems.
650 ## - ADDED SUBJECT ACCESS POINT - TOPICAL TERM
Topical Term Business enterprises--Computer networks.
942 ## - ADDED ENTRY ELEMENTS (KOHA)
Source of Classification
Koha Item Type Non Fiction
Holdings
Library Site Location Shelving Location Source of Acquisition Full Classification Number Accession Number Koha Item Type
APEC Dasmarinas Library APEC Dasmarinas Library Circulation Institutional Fund C 004.6 St18b 2003 B03-0000331 Non Fiction

Powered by Koha